| 000 | 00655nam a2200229 u 4500 | ||
|---|---|---|---|
| 005 | 20230524064156.0 | ||
| 008 | 171024s2012 r 000 0 eng d | ||
| 020 | _a9786070050978 | ||
| 035 | _aUPN01000221309 | ||
| 049 | _aCG | ||
| 050 | 4 |
_aPN6367 _bC3.2 |
|
| 100 | 1 |
_aCalera-Grobet, Antonio, _d1972- _941715 |
|
| 245 | 1 | 0 |
_aCerdo : _bpintxos literarios sobre el mundo del comer / _cAntonio Calera-Grobet. |
| 260 |
_aMéxico : _bFOCCA, _c2012. |
||
| 300 | _a103 p. | ||
| 440 | 0 |
_aMantarraya. _p10 años |
|
| 650 | 4 |
_aCHARADAS _926770 |
|
| 650 | 4 |
_aRECREACIONES LITERARIAS _919553 |
|
| 650 | 4 |
_aCocina _99092 |
|
| 905 | _aLibro | ||
| 999 |
_c193407 _d193407 |
||